| 000 | 00724cam a2200217 i 4500 | ||
|---|---|---|---|
| 001 | 49779 | ||
| 005 | 20230410143347.0 | ||
| 008 | 071115b2000 ke a 000 0 spa | ||
| 020 | _a9290591366 | ||
| 040 | _aDRFGD | ||
| 041 | 0 | _aspa | |
| 050 | 1 | 4 |
_aSD 401 _bW658p 2000 |
| 100 | 1 | _aWightman, Kevyn Elizabeth | |
| 245 | 1 | 0 |
_aPrácticas adecuadas para los viveros forestales : _bguía práctica para los viveros comunitarios / _cKevyn Elizabeth Wightman _btr. Nora A. de Allende |
| 260 |
_aNairobi, Kenya : _bCentro Internacional para Investigación en Agroforestería - ICRAF, _c2000 |
||
| 300 |
_a101 p. _bfotos |
||
| 650 | 0 | _aForest nurseries | |
| 650 | 4 | _aViveros forestales. | |
| 942 |
_2lcc _cbk |
||
| 946 | 0 | _amfcruz | |
| 999 |
_c100263 _d100263 |
||